L'Europe sur une grille - version difficile ! - Statistiques

Statistiques générales
  • Ce quiz a été pris 68 fois
  • Le résultat moyen est 21 sur 52
Réponses sur la Carte
Les réponses sont colorées sur une échelle allant du rouge au vert en fonction du pourcentage des utilisateurs qui les ont devinées à leur premier essai. Vous pouvez retrouver ces pourcentages ci-dessous.
 
Statistiques - réponses
Réponse % Correct
France
67%
Italie
67%
Russie
65%
Belgique
63%
Monaco
63%
Vatican
63%
Espagne
60%
Allemagne
58%
Andorre
58%
Luxembourg
58%
Pays-Bas
56%
Suisse
56%
Saint-Marin
53%
Autriche
51%
Pologne
51%
Portugal
51%
Liechtenstein
49%
Slovénie
49%
Danemark
44%
Estonie
44%
Lituanie
44%
Lettonie
42%
Mer Méditerrannée
42%
Tchéquie
42%
Finlande
40%
Gibraltar
40%
Mer Baltique
40%
Norvège
40%
Océan Atlantique
37%
Slovaquie
37%
Biélorussie
35%
Croatie
35%
Moldavie
35%
Suède
35%
Ukraine
35%
Serbie
33%
Bosnie-Herzégovine
30%
Grèce
30%
Hongrie
30%
Kosovo
30%
Roumanie
30%
Albanie
26%
Kazakhstan
26%
Mer Caspienne
26%
Macédoine du Nord
23%
Monténégro
23%
Géorgie
21%
Turquie
21%
Arménie
19%
Azerbaïjan
19%
Mer Noire
19%
Bulgarie
16%
Aucun quiz correspondant
Distribution des résultats
% des personnes avec chaque résultat
Percentile par nombre de réponses
Votre historique - résultats
Vous n’avez pas pris ce quiz